000 00973cam a2200241 4500
001 WB3723-11
008 000000n2001 000 0 eng u
035 _a(Sirsi) u113072
245 _aEC calls for sustainable development
260 _c2001
490 _aEnvironment Information Bulletin
_v(110) June 2001, 1(1)
520 _aThe EC calls for urgent action on sustainable development, citing 4 areas that require 'urgent action': climate change; food safety and public health risks from chemicals; depletion of natural resources and increase in waste and transport congestion. Draft strategy available at http://europa.eu.int/comm/environment/eussd/index.htm
590 _aWB
650 _aEUROPEAN COMMISSION
650 _aSUSTAINABLE DEVELOPMENT
650 _aENVIRONMENTAL ISSUES
650 _aCLIMATE CHANGE
650 _aFOOD SAFETY
650 _aTRANSPORT ISSUES
650 _aNATURAL RESOURCES
690 _aDEVELOPMENT-SUSTAINABLE
942 _n0
999 _c67310
_d67310